000 00386nam a22001337a 4500
005 20200619145345.0
008 200619b xxu||||| |||| 00| 0 eng d
082 _a345.4 LIC
110 _aALL INDIA REPORTER
_96231
245 _aLABOUR AND INDUSTRIAL CASES [1977] V-10 NOTES OF CASES -1 -19
260 _aMUMBAI
_bALL INDIA REPORTER Pvt Ltd.
_c2000p.
650 _aLAW
_95701
942 _cJRL
999 _c7326
_d7324